Bedrooms : (Registro nro. 9835)
[ vista simple ]
| 000 -LEADER | |
|---|---|
| Campo de control de longitud fija | 00932nam a22002657a 4500 |
| 003 - IDENTIFICADOR DEL NÚMERO DE CONTROL | |
| Campo de control | PE SENCICO BE |
| 005 - FECHA Y HORA DE LA ÚLTIMA TRANSACCIÓN | |
| Campo de control | 20260304195105.0 |
| 008 - ELEMENTOS DE LONGITUD FIJA - INFORMACIÓN GENERAL | |
| Campo de control de longitud fija | 260211b |||||||| |||| 00| 0 eng d |
| 020 ## - ISBN | |
| ISBN | 84-95818-08-6 |
| 040 ## - FUENTE DE CATALOGACIÓN | |
| Origen de catalogación | PE SENCICO BE |
| Agencia que realiza la transcripción | PE SENCICO BE |
| 041 ## - CÓDIGO DE IDIOMA | |
| Idioma del texto | spa |
| 082 ## - NÚMERO DE CLASIFICACIÓN DECIMAL DEWEY | |
| Código de Clasificación Dewey | 747.77 |
| Notación Interna | F38 |
| 100 1# - ASIENTO PRINCIPAL--NOMBRE PERSONAL | |
| Autor Personal | Fernández García, David |
| 9 (RLIN) | 1 |
| Término relacionado | autor |
| 245 1# - MENCIÓN DEL TITULO | |
| Título | Bedrooms : |
| Subtítulo | dormitorios exclusivos / |
| Mención de responsabilidad | David Fernández García |
| 250 ## - MENCIÓN DE EDICIÓN | |
| Edición | [1a ed.] |
| 260 ## - PUBLICACIÓN, DISTRIBUCIÓN, ETC. (PIE DE IMPRENTA) | |
| Lugar de publicación, distribución, etc. | [España] : |
| Nombre de la Editorial, Distribuidor, etc. | Ediciones Daly : |
| -- | Daly Technical Books ; |
| Fecha de publicación, distribución, etc. | sin año |
| 300 ## - DESCRIPCIÓN FÍSICA | |
| Paginación | volúmenes : |
| Otros detalles físicos | ilustraciones, fotografias ; |
| Dimensión | 28,5 cm. |
| 505 0# - NOTA DE CONTENIDO CON FORMATO PREESTABLECIDOE | |
| Contenido o índice | Dormitorios de Bauweng G. -- Dormitorio modelo Cora Walnut |
| 520 3# - NOTA DE RESUMEN, ETC. | |
| Resumen, etc. | Presenta diferentes modelos de elaboración de tipo de dormitorios |
| 650 10 - ASIENTO SECUNDARIO DE MATERIA - TERMINO TEMÁTICO | |
| Término de tema o elemento de entrada de nombre geográfico | Dormitorios |
| 9 (RLIN) | 412 |
| 650 20 - ASIENTO SECUNDARIO DE MATERIA - TERMINO TEMÁTICO | |
| Término de tema o elemento de entrada de nombre geográfico | Decoración de interiores |
| 9 (RLIN) | 398 |
| 650 20 - ASIENTO SECUNDARIO DE MATERIA - TERMINO TEMÁTICO | |
| Término de tema o elemento de entrada de nombre geográfico | Muebles de dormitorio |
| 9 (RLIN) | 415 |
| 910 ## - RESPONSABLE DEL REGISTRO | |
| Coordinador de procesamiento de la información | hfp |
| 942 ## - ELEMENTOS DE KOHA | |
| Fuente de clasificación o esquema de estanterías | Dewey Decimal Classification |
| Tipo de documento | Libros |
| 999 ## - | |
| -- | 9835 |
| -- | 9835 |
| Estado Retiro | Estado Perdido | Sistema de Clasificación o Esquema de Estantería | Estado Dañado | No es para préstamo | Ubicación Permanente | Ubicación Actual | Fecha de adquisición | Total Checkouts | Signatura topográfica completa | Código de Barras | Date last seen | Precio efectivo desde | Tipo de ítem |
|---|---|---|---|---|---|---|---|---|---|---|---|---|---|
| Dewey Decimal Classification | Biblioteca Piura | Biblioteca Piura | 11/02/2026 | 747.77/F38/v. 1 | BibZpiur26022623 | 11/02/2026 | 11/02/2026 | Libros | |||||
| Dewey Decimal Classification | Biblioteca Piura | Biblioteca Piura | 11/02/2026 | 747.77/F38/v. 2 | BibZpiur26022624 | 11/02/2026 | 11/02/2026 | Libros | |||||
| Dewey Decimal Classification | Biblioteca Piura | Biblioteca Piura | 11/02/2026 | 747.77/F38/v. 3 | BibZpiur26022625 | 11/02/2026 | 11/02/2026 | Libros | |||||
| Dewey Decimal Classification | Biblioteca Piura | Biblioteca Piura | 11/02/2026 | 747.77/F38/v. 4 | BibZpiur26022626 | 11/02/2026 | 11/02/2026 | Libros |